000 00348nam a2200133Ia 4500
008 230411s9999 xx 000 0 und d
041 _aeng
082 _aF/610.730 1/COW/B07473
100 _aCowen Perle
_9179588
245 _aCurrent Issues in Nursing
260 _bMosby Elsevier
_aSt Louis
_c2011
300 _a838p
999 _c157596
_d157596